header

Umbraco user's guide (Record no. 121032)

MARC details
000 -LEADER
fixed length control field 01454nam a2200361 a 4500
100 1# - MAIN ENTRY--AUTHOR NAME
Personal name Wahlberg, Nik.
245 10 - TITLE STATEMENT
Title Umbraco user's guide
260 ## - PUBLICATION, DISTRIBUTION, ETC. (IMPRINT)
Place of publication Indianapolis, Ind. :
Name of publisher Wiley Pub., Inc.,
Year of publication 2011.
300 ## - PHYSICAL DESCRIPTION
Number of Pages xxiv, 336 p. :
Other physical details ill. (some col.).
490 0# - SERIES STATEMENT
Series statement Wrox programmer to programmer
500 ## - GENERAL NOTE
General note Includes index.
505 0# - FORMATTED CONTENTS NOTE
Formatted contents note pt. 1. Creating your first site with Umbraco -- pt. 2. Content production -- pt. 3. Deploying, troubleshooting, and sample applications -- pt. 4. Appendixes.
650 #0 - SUBJECT ADDED ENTRY--TOPICAL TERM
Topical Term Computer files.
Topical Term Web site development.
700 1# - ADDED ENTRY--PERSONAL NAME
Personal name Sterling, Paul.
856 40 - ELECTRONIC LOCATION AND ACCESS
Uniform Resource Identifier http://site.ebrary.com/lib/rucke/Doc?id=10484876

No items available.

© 2026 Rongo University
Contact us: librarian | system librarian | Rongo university